| 000 | 00560nam a2200193 u 4500 | ||
|---|---|---|---|
| 005 | 20220915064158.0 | ||
| 008 | 100928s1999 cl r 000 0 spa d | ||
| 020 | _a9582004800 | ||
| 035 | _aUPN01000177951 | ||
| 049 | _aCG | ||
| 050 | 4 |
_aPQ8180.16 L3.5 _bC7.8 |
|
| 100 | 1 |
_aFlaminio Rivera, Carlos, _d1960- _931154 |
|
| 245 | 1 | 0 |
_aCruentos y adioses / _cCarlos Flaminio Rivera. |
| 260 |
_aSanta Fé de Bogotá : _bMagisterio. _c1999. |
||
| 300 | _a79 p. | ||
| 440 | 0 |
_aPiedra de sol. _pNarrativa |
|
| 650 | 7 |
_aCuentos colombianos _2 _96585 |
|
| 905 | _aLibro | ||
| 999 |
_c150054 _d150054 |
||